Statistics for Cartoon Character by Picture

Click here to take the quiz!

General Stats

  • This quiz has been taken 180 times
  • The average score is 6 of 10

Answer Stats

Answer% Correct
Mickey Mouse
97%
Tom
97%
Shrek
96%
Rex
63%
Fred Flintstone
62%
Jafar
58%
Porky Pig
53%
Dug
38%
Flick
24%
Magilla Gorilla
12%

Score Distribution

Percentile by Number Answered

Percent of People with Each Score

Your Score History

You have not taken this quiz